000 01715nam a2200349 a 4500
001 ebr10733476
003 CaPaEBR
006 m o u
007 cr cn|||||||||
008 120911s2013 mduab sb 001 0 eng d
010 _z 2012036896
020 _z9781421409566 (hardcover : alk. paper)
020 _z1421409569 (hardcover : alk. paper)
020 _z9781421409573 (e-book)
040 _aCaPaEBR
_cCaPaEBR
035 _a(OCoLC)854749406
043 _ae-gr---
050 1 4 _aB243
_b.P63 2013eb
082 0 4 _a182/.2082
_223
100 1 _aPomeroy, Sarah B.
245 1 0 _aPythagorean women
_h[electronic resource] :
_btheir history and writings /
_cSarah B. Pomeroy.
260 _aBaltimore :
_bJohns Hopkins University Press,
_c2013.
300 _axxii, 172 p. :
_bill., maps.
504 _aIncludes bibliographical references and index.
505 0 _aWho were the Pythagorean women? -- Wives, mothers, sisters, daughters -- Who were the neopythagorean women? -- Introduction to the prose writings of neopythagorean women -- The letters and treatises of neopythagorean women in the east -- The letters and treatises of neopythagorean women in the west -- The neopythagorean women as philosophers / by Vicki Lynn Harper.
533 _aElectronic reproduction.
_bPalo Alto, Calif. :
_cebrary,
_d2013.
_nAvailable via World Wide Web.
_nAccess may be limited to ebrary affiliated libraries.
650 0 _aPythagoras and Pythagorean school.
650 0 _aWomen
_zGreece
_xIntellectual life.
655 7 _aElectronic books.
_2local
710 2 _aebrary, Inc.
856 4 0 _uhttp://site.ebrary.com/lib/rucke/Doc?id=10733476
_zAn electronic book accessible through the World Wide Web; click to view
999 _c150541
_d150541